000 01440nas1a22002651i 4500
001 RU\NLR\INFOCOMM7\5000028806
005 20240723111230.0
035 _a(NLR Aleph) 002397222
090 _a4648607
_c4648607
100 _a20050105c1991 |||y0rusy50 ba
101 0 _arus
102 _aRU
110 _aayuzz 0|y|
200 1 _aFilm & Video Reporter
_eИзд. компанией Vista I.S.Ltd. при содействии журн. "The Hollywood Reporter", "Billboard" и "American Film" (BPI Communications, Inc.)
210 _aМ.
_d1991-
801 1 _aRU
_bInfoComm
_c20050105
801 0 _aRU
_bNLR
_gPSBO
852 _aNLR
_jП32/331
942 _cJOURNAL
980 _aRUSPER